Quizzes
Events
Quiz Creation
Community
Videos
Private Events
Remove Ads
Sign In
Join for FREE
Feedback
Dark Mode
Quiz Categories
Sports
Geography
Music
Movies
Television
Just For Fun
Miscellaneous
History
Literature
Language
Science
Gaming
Entertainment
Religion
Holiday
For Kids
Quiz Lab
Recent
Popular Today
Quiz Kudos Today
Editor Picks
Curator Picks
Quizzes by...
Day
Popularity
Type
Ratings
Length
Year
Community
Subscriptions
Recent Discussions
Orange Saloon
Badges
Playlists
Quests
Create
Leaderboards
Showdown
Live 5
Trivia Bingo
Activity
Puzzle Library
Sporcle Events
Private Events
Virtual Trivia
Globe League
Become a Host
Pub Owners
SporcleCon
Opinionation
Our Games
Videos
Blog
Mobile Apps
Partnerships
Remove Ads and Go Orange
Feedback
Movies
Disney
Marvel Cinematic Universe
Movie Resume
Movie Titles
Oscar
Actor
Actress
Director
Pixar
Role
Movie Quotes
Movie Characters
Box Office
Nominee
Best Picture
Star Wars
James Bond
Horror Movies
Movies
Disney
Marvel Cinematic Universe
Movie Resume
Movie Titles
Oscar
Actor
Actress
Director
Pixar
Role
Movie Quotes
Movie Characters
Box Office
Nominee
Best Picture
Star Wars
James Bond
Horror Movies
Random Quiz
Search Sporcle
×
Quiz Lab
Quiz Lab
Movies
Color
Type in answers that appear in a list
Type in answers that appear in a list
Classic
Best Score? Go Orange.
Star Wars Jedi Lightsaber Colors Stats
Can you name the Star Wars Jedi Lightsaber Colors?
By
MUJAMBO
60s
23 Questions
675 Plays
675 Plays
675 Plays
Comments
Comments
Give Quiz Kudos
Give Quiz Kudos
-
- Ratings
hide this ad
Forced Order
Answers have to be entered in order
Answers have to be entered in order
Random Order
Randomize order of answers
Randomize order of answers
Replay
Link that replays current quiz
Next Quiz
Link to next quiz in quiz playlist
You Got
0%
They Got
Avg Score
71%
Avg Friend Score
Upgrade to see
Score Distribution
Jump to the score distribution portion of the page
Score
0/23
Timer
01:00
0
Plays Today
Jedi
Color
% Correct
Yoda
Green
77%
Luke Skywalker (2)
Green
76.9%
Ki Adi Mundi
Blue
75.4%
Obi Wan Kenobi
Blue
75.3%
Mace Windu
Purple
75.3%
Qui Gon Jinn
Green
75%
Anakin Skywalker
Blue
74.5%
Luke Skywalker (1)
Blue
73.9%
Luminara Unduli
Green
73.2%
Kit Fisto
Green
73.2%
Shaak Ti
Blue
72.1%
Plo Koon
Blue
71.9%
Jedi
Color
% Correct
Agen Kolar
Blue
70.7%
Barriss Offee
Blue
70.5%
Saesee Tiin
Green
68.9%
Aayla Secura
Blue
68.6%
Oppo Rancisis
Green
68.6%
Yarael Poof
Blue
68.1%
Yaddle
Green
67.3%
Depa Billiba
Green
67%
Even Piell
Blue
66.7%
Jett Jukassa
Blue
64.9%
Bultar Swan
Green
61.9%
Quiz Playlist
Details
Report
Send in Message
Add To Playlist
Classic:
Type in answers that appear in a list
Forced Order:
Answers have to be entered in order
Random Order:
Randomize order of answers
Last Updated: Feb 16, 2017
Quiz Scoreboard
CHALLENGE
Sign Up to Join the Scoreboard
Show All
Scores
Hide
Comments
May contain spoilers
Recently Published
College Basketball Coaching Resumes
by pancakes188
Sports
9m
Billboard Blitz: Fleetwood Mac
by CooCooCachoo
Music
15s
Presidents Visiting Landmarks
by Hejman
History
7m
More to Explore
Quiz From the Vault
Featured Blog Post
Where Did the Easter Bunny Come From?
hide this ad
You Might Also Like...
Tags
Color Quiz
Star Wars Quiz
War Quiz
Jedi
Lightsaber
star
Today's Top Quizzes in Movies
Browse Movies
hide this ad
Today's Top Quizzes in Color
Browse Color
Top Contributed Quizzes in Movies
1
Pick 5 Posters: Directed by Spielberg
2
7-to-1: Pixar Characters
3
Pick 5 Posters: Lowest-Rated Spielberg
4
Sorting Actors
5
Pick 5 Posters: Directed by Scorsese
6
Sorting Actresses
7
Pick 5 Posters: Star & Director
8
Pick 5 Posters: Women Directed 2020s
9
12 Movies about Fictional 1960s Events
10
Multi-Oscar Nominations, One Movie, One Winner
Explore More
Trending Topics
Anime
Marvel
NBA
Harry Potter
Disney
Crossword
Kpop
The Office
Soccer
Pokémon
WWE
Song
Country
Puzzle
NFL
hide this ad
More By:
MUJAMBO
Quiz
Plays
Rating
Category
Featured
Created
Harry Potter and the Chamber of Secrets Characters
3,018
4.43
Literature
May 29, 2011
Star Wars Jedi Lightsaber Colors
675
2.75
Movies
Apr 13, 2011
Name Mr. Olympia 1965- 2010
585
4.67
Sports
May 29, 2011
Harry Potter and the Sorcerer's Stone Characters
567
3.75
Literature
May 18, 2011
Star Wars Episode 3 Quotes
567
4.00
Movies
May 2, 2011
Go to Creator's Profile
Score Distribution
Quiz Creator Spotlight
MUJAMBO
Follow
Send a Message
Quizzes Created
-
Created Quiz Play Count
-
More By This Creator
Popular Quizzes Today
1
Find the US States - No Outlines Minefield
2
Find the Countries of Europe - No Outlines Minefield
3
The Countries of the World
4
Find the US States
5
Risky Map Clicking: Biggest States A-Z
6
US States
7
Popular People in 1961
8
Movies - When Are They Set?
More Movies Quizzes
50 Flicks to Click (1969)
Published
Trending Quizzes
Risky Map Clicking: Least Populous States A-Z
1-10 Letter G Words
1-10 Letter F Words
Risky Map Clicking: Next State Alphabetically
Risky Map Clicking: Biggest States A-Z
Recently Updated
Leaping Animals
pecheneg
Reality TV Shows (A-Z)
bhenderson79
Rickey Henderson's Hall of Fame Teammates
pecheneg
Champions League XIs: Arsenal
pecheneg
Quick Pick: Celebrities in WWE's Hall of Fame
aduchscher
A-Z Keypad Blitz II
pecheneg
Multiple Oscar Actors
pecheneg
Mystery Phrase Blitz: Oscar 'Best Actors'
pecheneg
F. Scott Fitzgerald Novels
LTH
Pick 3 Villains
ddd62291
Trending Topics
Kpop
Harry Potter
Anime
Marvel
Crossword
Disney
NBA
Country
WWE
NFL
Song
Soccer
The Office
Puzzle
Pokémon
Your Account Isn't Verified!
In order to create a playlist on Sporcle, you need to verify the email address you used during registration. Go to your
Sporcle Settings
to finish the process.
Report this User
Report this user for behavior that violates our
Community Guidelines
.
Details:
Send Report
Go to the Sporcle.com Mobile Site →
Comments